Analýza slovenského trhu s diamantami bakalárska práca

Na minha lista:
Detalhes bibliográficos
Autor principal: Mačeková, Eva
Autor Corporativo: Obchodná fakulta EU. Katedra tovaroznalectva a kvality tovaru
Outros Autores: Bocanová, Mária
Formato: Livro
Idioma:eslovaco
Publicado em: Bratislava 2010
Tags: Adicionar Tag
Sem tags, seja o primeiro a adicionar uma tag!

MARC

LEADER 00000nam$a2200000$$$4500
001 0135238
005 20240320074005.6
041 0 |a slo 
044 |a SK 
245 1 0 |a Analýza slovenského trhu s diamantami  |b bakalárska práca  |c Eva Mačeková ; školiteľ: Mária Bocanová 
264 1 |a Bratislava  |c 2010 
300 |a 49 s. 
100 1 |a Mačeková, Eva 
700 1 |a Bocanová, Mária 
710 2 |a Obchodná fakulta EU. Katedra tovaroznalectva a kvality tovaru